[Event "DVM U16 2013"]
[Site "Lingen (Ems) GER"]
[Date "2013.12.28"]
[Round "4"]
[White "Uellner, Ferdinand"]
[Black "Zimmer, Raphael"]
[Result "0-1"]
[Termination "normal"]
[Board "4.4"]
[WhiteElo "1246"]
[BlackElo "1625"]
[WhiteTeam "Schachforum Darmstadt"]
[BlackTeam "SF Sasbach"]
[WhiteFideId "12983101"]
[BlackFideId "12978841"]
[EventCountry "GER"]
[EventRounds "7"]
[EventType "team-swiss"]
[EventDate "2013.12.26"]

1. e4 e5 2. Nf3 Nc6 3. Bc4 Bc5 4. c3 Nf6 5. d3 d6 6. b4 Bb6 7. a4 a5 8. b5 Ne7
9. Bg5 Ng6 10. O-O h6 11. Bh4 Nxh4 12. Nxh4 Nxe4 13. Bxf7+ Kxf7 14. Qh5+ Kg8
15. dxe4 Be6 16. Nf5 Qf6 17. Nd2 g6 18. Qg4 Kf7 19. Nxd6+ cxd6 20. Qe2 Rac8 21.
Rac1 h5 22. Nf3 Bc4 23. Qd2 Bxf1 24. Qd5+ Kg7 25. Qxb7+ Kh6 26. Qxb6 Bd3 27.
Rd1 Bxe4 28. Rxd6 Qf4 29. h3 Rxc3 30. g3 Qxf3 0-1

[Event "DVM U16 2013"]
[Site "Lingen (Ems) GER"]
[Date "2013.12.28"]
[Round "4"]
[White "Spät, Alexander"]
[Black "Imcke, Patrick"]
[Result "1-0"]
[Termination "normal"]
[Board "5.1"]
[WhiteElo "1973"]
[BlackElo "2014"]
[WhiteTeam "Königsspringer Hamburg"]
[BlackTeam "SF Katernberg"]
[WhiteFideId "24687693"]
[BlackFideId "4622502"]
[EventCountry "GER"]
[EventRounds "7"]
[EventType "team-swiss"]
[EventDate "2013.12.26"]

1. e4 e6 2. d4 d5 3. Nc3 Nf6 4. e5 Nfd7 5. f4 c5 6. Nf3 Nc6 7. Be3 a6 8. Qd2 b5
9. Nd1 Bb7 10. c3 cxd4 11. Nxd4 Nc5 12. Nf2 Be7 13. Be2 Rc8 14. O-O g6 15. b4
Na4 16. Nd3 Nb6 17. Nb2 Nxd4 18. Bxd4 Nc4 19. Nxc4 dxc4 20. Qe3 Bd5 21. a4 O-O
22. Bf3 Bxf3 23. Rxf3 Qd7 24. Rff1 bxa4 25. Ra2 Rfd8 26. Rfa1 Bxb4 27. Rxa4 a5
28. Bb6 Bf8 29. Rxa5 Qd3 30. Qxd3 Rxd3 31. Ra8 Rxa8 32. Rxa8 Rd5 33. Rc8 g5 34.
Bd8 Bc5+ 35. Kf1 Kg7 36. Bxg5 h5 37. Ke2 Kg6 38. Rc7 Bf8 39. Rxc4 Bh6 40. Bxh6
Kxh6 41. Rd4 Ra5 42. c4 Kg6 43. Rd3 Ra2+ 44. Kf3 Rc2 45. Rd4 Rc3+ 46. Ke2 Rc2+
47. Kd3 Rxg2 48. c5 Ra2 49. Rc4 Ra7 50. c6 Rc7 51. Kc3 f6 52. Kb4 fxe5 53. fxe5
Kf5 54. Rc5 1-0

[Event "DVM U16 2013"]
[Site "Lingen (Ems) GER"]
[Date "2013.12.28"]
[Round "4"]
[White "Schimnatkowski, Lukas"]
[Black "Pfreundt, Jakob"]
[Result "0-1"]
[Termination "normal"]
[Board "5.2"]
[WhiteElo "1739"]
[BlackElo "1906"]
[WhiteTeam "SF Katernberg"]
[BlackTeam "Königsspringer Hamburg"]
[WhiteFideId "12936723"]
[BlackFideId "12918156"]
[EventCountry "GER"]
[EventRounds "7"]
[EventType "team-swiss"]
[EventDate "2013.12.26"]

1. e4 e5 2. d4 exd4 3. Nf3 Nc6 4. Bc4 Nf6 5. e5 d5 6. Bb5 Ne4 7. Nxd4 Bc5 8.
O-O Bd7 9. Bxc6 bxc6 10. f3 Ng5 11. f4 Ne4 12. Be3 O-O 13. Nd2 Nxd2 14. Qxd2 f6
15. Nb3 Bb6 16. Nc5 Qe7 17. Qc3 Bf5 18. Rae1 fxe5 19. fxe5 Be6 20. Bd4 Rad8 21.
b4 Ra8 22. Qe3 a5 23. a3 axb4 24. axb4 Bxc5 25. Bxc5 Rxf1+ 26. Rxf1 Qh4 27. Qa3
Qd8 28. Qg3 Qd7 29. Qg5 h6 30. Qg3 Bf5 31. c3 Qe6 32. Qf4 Bd3 33. Re1 Re8 34.
Qg3 Qf5 35. h3 Re6 36. Qf3 Qg6 37. Qf2 Be4 38. Bd4 Re8 39. Kh2 Rf8 40. Qg3 Qe6
41. Re2 Rf5 42. Rf2 Rg5 43. Qf4 Rf5 44. Qg3 Rg5 45. Qf4 Kh7 46. Ra2 Qg6 47. g3
Rf5 48. Qe3 Rf1 49. g4 h5 50. Rg2 Bxg2 51. Kxg2 Rd1 52. Qf3 Rd2+ 53. Kg3 Rd3
54. Be3 Rxc3 55. Kh4 hxg4 56. hxg4 d4 57. g5 Rxe3 58. Qf8 Qe4+ 59. Kh5 g6# 0-1

[Event "DVM U16 2013"]
[Site "Lingen (Ems) GER"]
[Date "2013.12.28"]
[Round "4"]
[White "Lemke, Berfin"]
[Black "Kennemann, Henrik Jan"]
[Result "0-1"]
[Termination "normal"]
[Board "5.3"]
[WhiteElo "1609"]
[BlackElo "1637"]
[WhiteTeam "Königsspringer Hamburg"]
[BlackTeam "SF Katernberg"]
[WhiteFideId "1270578"]
[BlackFideId "1271856"]
[EventCountry "GER"]
[EventRounds "7"]
[EventType "team-swiss"]
[EventDate "2013.12.26"]

1. e4 c5 2. Nc3 Nc6 3. f4 e6 4. Nf3 d5 5. d3 Nf6 6. Qd2 Be7 7. Be2 O-O 8. O-O
a6 9. Qe1 Qc7 10. Qg3 Nd4 11. Bd1 b5 12. exd5 Nf5 13. Qe1 exd5 14. Ne5 Bd6 15.
Ng4 Nxg4 16. Bxg4 Ne7 17. Bxc8 Raxc8 18. Qh4 b4 19. Ne2 Rfe8 20. Ng3 Ng6 21.
Qg5 h6 22. Qxd5 Nxf4 23. Qf3 Ng6 24. Bd2 Bxg3 25. hxg3 Re6 26. Rae1 Rce8 27.
Rxe6 Rxe6 28. Bf4 Qe7 29. Bd2 Rf6 30. Qe3 Re6 31. Qf3 Re2 32. Rf2 Rxd2 33. Rxd2
Qe1+ 34. Kh2 Qxd2 0-1

[Event "DVM U16 2013"]
[Site "Lingen (Ems) GER"]
[Date "2013.12.28"]
[Round "4"]
[White "Döpper, Anna Berenice"]
[Black "Pfreundt, Mathis"]
[Result "1/2-1/2"]
[Termination "normal"]
[Board "5.4"]
[WhiteElo "1510"]
[BlackElo "1622"]
[WhiteTeam "SF Katernberg"]
[BlackTeam "Königsspringer Hamburg"]
[WhiteFideId "1271853"]
[BlackFideId "12967092"]
[EventCountry "GER"]
[EventRounds "7"]
[EventType "team-swiss"]
[EventDate "2013.12.26"]

1. e4 c5 2. d4 e6 3. Nf3 d5 4. exd5 exd5 5. Bb5+ Bd7 6. Bxd7+ Nxd7 7. dxc5 Nxc5
8. Nc3 Nf6 9. Bg5 Be7 10. O-O Nce4 11. Bxf6 Nxf6 12. Qe2 O-O 13. Qb5 Qc7 14.
Rfe1 a6 15. Nxd5 Nxd5 16. Qxd5 Rad8 17. Qe5 Bd6 18. Qe4 h6 19. c3 Qb6 20. Qc2
Rfe8 21. Re2 Rxe2 22. Qxe2 Bc5 23. Re1 Qf6 24. Rd1 Qb6 25. Rxd8+ Qxd8 26. Qd2
Qb6 27. b3 a5 28. Qe2 Qc6 29. Ne1 Ba7 30. Qf3 Qc5 31. Nc2 Qg5 32. Qd1 Qf6 33.
Qd2 b5 34. g3 h5 35. h4 Qg6 36. Na3 Qxg3+ 37. Kf1 Qh3+ 38. Kg1 Qg3+ 39. Kf1 Qb8
40. Qg5 Qb6 41. Qg3 g6 42. Nc2 Qd8 43. Ke2 Qe7+ 44. Kd1 Kh7 45. Qf3 Qd7+
1/2-1/2

[Event "DVM U16 2013"]
[Site "Lingen (Ems) GER"]
[Date "2013.12.28"]
[Round "4"]
[White "Flüchter, Gregor"]
[Black "Pixa, Richard"]
[Result "1/2-1/2"]
[Termination "normal"]
[Board "6.1"]
[WhiteElo "2041"]
[BlackElo "1958"]
[WhiteTeam "SF Dortmund-Brackel 1930"]
[BlackTeam "Treptower SV 1949"]
[WhiteFideId "12903396"]
[BlackFideId "4626095"]
[EventCountry "GER"]
[EventRounds "7"]
[EventType "team-swiss"]
[EventDate "2013.12.26"]

1. e4 e6 2. d4 d5 3. exd5 exd5 4. Nf3 Bd6 5. c4 Nf6 6. Nc3 c6 7. Bd3 dxc4 8.
Bxc4 O-O 9. O-O Nbd7 10. Bg5 h6 11. Bh4 Nb6 12. Bb3 Bg4 13. Qd3 Bxf3 14. Qxf3
Be7 15. Rad1 Qd7 16. Rfe1 Rfe8 17. Bxf6 Bxf6 18. Ne4 Qe7 19. Re3 Nd5 20. Bxd5
cxd5 21. Nxf6+ Qxf6 22. Qxd5 Red8 23. Qxb7 Rab8 24. Qxa7 Rxb2 25. Rf3 Rxd4 26.
Re1 Qe6 27. Rfe3 Qf6 28. Rf3 Qe6 1/2-1/2

[Event "DVM U16 2013"]
[Site "Lingen (Ems) GER"]
[Date "2013.12.28"]
[Round "4"]
[White "Klodt, Daniel"]
[Black "Birnkraut, Tim"]
[Result "1/2-1/2"]
[Termination "normal"]
[Board "6.2"]
[WhiteElo "1631"]
[BlackElo "1804"]
[WhiteTeam "Treptower SV 1949"]
[BlackTeam "SF Dortmund-Brackel 1930"]
[WhiteFideId "12938068"]
[BlackFideId "24609587"]
[EventCountry "GER"]
[EventRounds "7"]
[EventType "team-swiss"]
[EventDate "2013.12.26"]

1. e4 e6 2. d4 d5 3. exd5 exd5 4. Bd3 Bd6 5. Nf3 Nf6 6. O-O O-O 7. Re1 c6 8.
Bg5 Bg4 9. Nbd2 Nbd7 10. c3 Qc7 11. Qc2 Rae8 12. Rab1 b6 13. Bh4 Bh5 14. Bg3
Bg6 15. Bxg6 hxg6 16. Rxe8 Rxe8 17. Re1 Rxe1+ 18. Nxe1 Nh5 19. Bxd6 Qxd6 20.
Nd3 Nf4 21. Nxf4 Qxf4 22. Nf3 c5 23. h3 Nf6 24. a3 Ne4 25. Ne5 a5 26. Nd3 Qd6
27. Qa4 Kf8 28. dxc5 Nxc5 29. Nxc5 Qxc5 30. Qd4 Qb5 31. b4 a4 32. Qh4 f6 33.
Qg4 Kf7 34. Qd4 Qc6 35. g3 Qe6 36. Kg2 f5 37. f4 Qe4+ 38. Kf2 Qe6 39. Kg2 Qe2+
40. Qf2 Qe4+ 41. Kh2 Qe6 42. Kg2 Qc6 43. Qd4 Qe6 44. Qf2 Kg8 45. Qd4 Kh7 46.
Kf3 b5 47. Qe5 Qc6 48. Qd4 Qe6 1/2-1/2

[Event "DVM U16 2013"]
[Site "Lingen (Ems) GER"]
[Date "2013.12.28"]
[Round "4"]
[White "van Klev, Fabian"]
[Black "Hesse, Henrik"]
[Result "0-1"]
[Termination "normal"]
[Board "6.3"]
[WhiteElo "1748"]
[BlackElo "1701"]
[WhiteTeam "SF Dortmund-Brackel 1930"]
[BlackTeam "Treptower SV 1949"]
[WhiteFideId "12964255"]
[BlackFideId "12952060"]
[EventCountry "GER"]
[EventRounds "7"]
[EventType "team-swiss"]
[EventDate "2013.12.26"]

1. Nf3 Nf6 2. c4 g6 3. Nc3 Bg7 4. d4 O-O 5. e4 d6 6. Be2 Nbd7 7. Be3 c5 8. d5
Ng4 9. Bd2 Nge5 10. O-O a6 11. a4 b6 12. Ne1 Nf6 13. h3 Bb7 14. Qc1 Qc7 15. Bh6
Rad8 16. Bxg7 Kxg7 17. Qe3 e6 18. dxe6 fxe6 19. Rd1 Nc6 20. Nc2 Rfe8 21. Qg5
Nb4 22. Qd2 d5 23. cxd5 exd5 24. Nxb4 cxb4 25. Nxd5 Bxd5 26. exd5 Rxd5 27. Bd3
Qd7 28. Qc2 Rc8 29. Qb3 a5 30. Bb5 Qd6 31. Rxd5 Qxd5 32. Qe3 Qc5 33. Qe6 Rd8
34. Bc4 Qc7 35. Re1 Re8 0-1

[Event "DVM U16 2013"]
[Site "Lingen (Ems) GER"]
[Date "2013.12.28"]
[Round "4"]
[White "Pixa, Ulrich"]
[Black "Wastian, Jan"]
[Result "0-1"]
[Termination "normal"]
[Board "6.4"]
[WhiteElo "1518"]
[BlackElo "1630"]
[WhiteTeam "Treptower SV 1949"]
[BlackTeam "SF Dortmund-Brackel 1930"]
[WhiteFideId "4697723"]
[BlackFideId "12911640"]
[EventCountry "GER"]
[EventRounds "7"]
[EventType "team-swiss"]
[EventDate "2013.12.26"]

1. e4 c6 2. d4 d5 3. exd5 cxd5 4. c4 Nf6 5. Nc3 e6 6. Nf3 Bb4 7. cxd5 Nxd5 8.
Bd2 O-O 9. Bc4 Nc6 10. O-O Nb6 11. Be2 Nxd4 12. Nxd4 Qxd4 13. Qc2 Bd7 14. Rfd1
Qe5 15. Be3 Bc5 16. Bxc5 Qxc5 17. Rac1 Rfd8 18. Qd2 Qe7 19. Qe3 Bc6 20. Bb5
Bxb5 21. Nxb5 Nd5 22. Qe2 a6 23. Nd4 Rac8 24. Nf3 Qe8 25. Rc4 Rxc4 26. Qxc4 Rc8
27. Qe2 h6 28. h3 Qa4 29. a3 Rc2 30. Rd2 Rc1+ 31. Kh2 Qf4+ 32. g3 Qf5 33. Nd4
Qb1 34. Nf3 Rc7 35. Rd1 Qc2 36. Rd2 Qc4 37. Qe1 Nf6 38. Ne5 Qe4 39. Re2 Qd4 40.
Rd2 Qe4 41. Re2 Qf5 42. Qd2 Nd5 43. Nd3 Qf3 44. Ne5 Qf5 45. Nd3 Kh7 46. Kg2 Qg5
47. Qd1 Nf6 48. Kh2 Qd5 49. Re3 Qd4 50. Qe2 Qa4 51. Qe1 Qc2 52. Kg2 Rd7 53. Qf1
Qd2 54. Ne5 Rc7 55. Nd3 Rc2 56. Kg1 Kg8 57. Kg2 Qxe3 0-1

[Event "DVM U16 2013"]
[Site "Lingen (Ems) GER"]
[Date "2013.12.28"]
[Round "4"]
[White "Oberhofer, Cédric"]
[Black "Werner, Justus"]
[Result "1-0"]
[Termination "normal"]
[Board "7.1"]
[WhiteElo "1911"]
[BlackElo "1794"]
[WhiteTeam "SC Bavaria Regensburg"]
[BlackTeam "SG Blau-Weiß Stadtilm"]
[WhiteFideId "12941220"]
[BlackFideId "12941107"]
[EventCountry "GER"]
[EventRounds "7"]
[EventType "team-swiss"]
[EventDate "2013.12.26"]

1. e4 c5 2. Nf3 d6 3. d4 cxd4 4. Nxd4 Nf6 5. Nc3 a6 6. f4 e5 7. Nf3 Nbd7 8. a4
Be7 9. Bd3 O-O 10. O-O Qc7 11. Kh1 b6 12. fxe5 dxe5 13. Nh4 Nc5 14. Bg5 Be6 15.
Nf5 Bxf5 16. Rxf5 Ncd7 17. Qe2 Bb4 18. Bxf6 Nxf6 19. Nd5 Nxd5 20. exd5 f6 21.
Bxa6 Qd7 22. Rff1 Kh8 23. c3 Bd6 24. Bb5 Qc7 25. Bc6 Ra7 26. Qe4 g6 27. g4 Qg7
28. b4 h5 29. gxh5 f5 30. Qe3 e4 31. hxg6 Qxg6 32. Qd4+ Rf6 33. Rg1 Qh6 34. Rg2
f4 35. Rag1 Re7 36. Rg6 Qxh2+ 37. Kxh2 f3+ 38. R1g3 Be5 39. Qxe5 1-0

[Event "DVM U16 2013"]
[Site "Lingen (Ems) GER"]
[Date "2013.12.28"]
[Round "4"]
[White "Schmidt, Daniel"]
[Black "Dechant, Georg"]
[Result "1/2-1/2"]
[Termination "normal"]
[Board "7.2"]
[WhiteElo "1816"]
[BlackElo "1689"]
[WhiteTeam "SG Blau-Weiß Stadtilm"]
[BlackTeam "SC Bavaria Regensburg"]
[WhiteFideId "12957950"]
[BlackFideId "12956716"]
[EventCountry "GER"]
[EventRounds "7"]
[EventType "team-swiss"]
[EventDate "2013.12.26"]

1. c4 e5 2. Nc3 Nf6 3. g3 d5 4. cxd5 Nxd5 5. Bg2 Nb6 6. Nf3 Nc6 7. O-O Be7 8.
b3 O-O 9. Bb2 Be6 10. d3 f5 11. Rc1 a6 12. Nb1 Bf6 13. Qd2 Qe7 14. Ba3 Qe8 15.
Bxf8 Kxf8 16. Ng5 Bg8 17. Nf3 Qh5 18. h4 h6 19. Nh2 g5 20. hxg5 hxg5 21. g4
fxg4 22. Rxc6 bxc6 23. Qb4+ Kg7 24. Qxg4 Qh6 25. Bxc6 Rd8 26. Qg3 Be6 27. Bg2
Nd5 28. Bxd5 Bxd5 29. e4 Be6 30. Rc1 Rh8 31. Rxc7+ Bf7 32. Nd2 Bd8 33. Rd7 Qc6
34. Qxe5+ Bf6 35. Rxf7+ Kxf7 36. Qd5+ Qxd5 37. exd5 Rd8 38. Kf1 Rxd5 39. Ke2
Ra5 40. a4 Bd4 41. Nhf3 Bf6 42. Nc4 Rd5 43. Nfd2 Kg6 44. Ne4 Be7 45. Ne3 Rd8
46. Nc4 Kf5 47. Ke3 1/2-1/2

[Event "DVM U16 2013"]
[Site "Lingen (Ems) GER"]
[Date "2013.12.28"]
[Round "4"]
[White "Oberhofer, Marie"]
[Black "Mann, Jonas"]
[Result "1/2-1/2"]
[Termination "normal"]
[Board "7.3"]
[WhiteElo "1542"]
[BlackElo "1771"]
[WhiteTeam "SC Bavaria Regensburg"]
[BlackTeam "SG Blau-Weiß Stadtilm"]
[WhiteFideId "12938165"]
[BlackFideId "12900214"]
[EventCountry "GER"]
[EventRounds "7"]
[EventType "team-swiss"]
[EventDate "2013.12.26"]

1. e4 c5 2. Nf3 d6 3. d4 cxd4 4. Nxd4 Nf6 5. Nc3 a6 6. f4 e5 7. Nb3 Nbd7 8. g4
exf4 9. g5 Ne5 10. Bxf4 Nfd7 11. Be2 Be7 12. h4 O-O 13. Qd2 Nb6 14. O-O-O Nbc4
15. Bxc4 Nxc4 16. Qh2 Be6 17. Rd3 Qb6 18. Nd5 Bxd5 19. Rxd5 a5 20. Qe2 a4 21.
Qxc4 axb3 22. Qxb3 Qxb3 23. cxb3 Rxa2 24. Rh2 Rc8+ 25. Rc2 Rxc2+ 26. Kxc2 Ra6
27. Rb5 Rc6+ 28. Kd3 b6 29. Be3 Bd8 30. Rb4 f6 31. Rc4 Rxc4 32. bxc4 Kf7 33.
Kc3 Ke6 34. Bf4 fxg5 35. hxg5 Kd7 36. Kd4 Ke6 37. b3 Be7 38. Kc3 Kd7 39. Kd4
Ke6 40. Be3 Bd8 1/2-1/2

[Event "DVM U16 2013"]
[Site "Lingen (Ems) GER"]
[Date "2013.12.28"]
[Round "4"]
[White "Dittrich, Tom"]
[Black "Brüll, Elias"]
[Result "1-0"]
[Termination "normal"]
[Board "7.4"]
[WhiteElo "1666"]
[BlackElo "1542"]
[WhiteTeam "SG Blau-Weiß Stadtilm"]
[BlackTeam "SC Bavaria Regensburg"]
[WhiteFideId "12923532"]
[BlackFideId "12964921"]
[EventCountry "GER"]
[EventRounds "7"]
[EventType "team-swiss"]
[EventDate "2013.12.26"]

1. e4 c5 2. Nf3 d6 3. d4 cxd4 4. Nxd4 Nf6 5. Nc3 g6 6. f3 Bg7 7. Be3 O-O 8. Qd2
Nc6 9. O-O-O d5 10. exd5 Nxd5 11. Nxc6 bxc6 12. Bd4 e5 13. Bc5 Be6 14. h4 h6
15. g4 Re8 16. Nxd5 Bxd5 17. Be2 Qf6 18. g5 hxg5 19. hxg5 Qf4 20. Be3 Qf5 21.
Rdf1 Red8 22. Bd3 Bxf3 23. Bxf5 Rxd2 24. Rxf3 Rd6 25. Bd3 Rb8 26. b3 Rb7 27.
Bc4 Rdd7 28. Rd1 Rxd1+ 29. Kxd1 Rd7+ 30. Ke2 Rc7 31. Rf1 Rd7 32. Rd1 Rc7 33.
Rd8+ Kh7 34. Ba6 c5 35. Rc8 Rxc8 36. Bxc8 Bf8 37. Kd3 Kg7 38. Kc4 Be7 39. Kd5
f6 40. gxf6+ Kxf6 41. Bxc5 Bxc5 42. Kxc5 Kg5 43. Kc4 Kf4 44. Kd3 g5 45. c4 e4+
46. Ke2 g4 47. Bxg4 Kxg4 48. c5 Kf5 49. b4 Ke5 50. Ke3 Kd5 51. a3 a6 52. a4 a5
53. b5 Kxc5 54. Kxe4 Kb6 55. Kd5 Kc7 56. Ke5 Kd7 57. Kd5 Kc7 58. Ke6 Kb6 59.
Kd6 Kb7 60. Kc5 Kc8 61. Kc6 Kb8 62. Kb6 Kc8 63. Ka7 1-0

[Event "DVM U16 2013"]
[Site "Lingen (Ems) GER"]
[Date "2013.12.28"]
[Round "4"]
[White "Schulz, Lukas"]
[Black "Fortenbacher, Florian"]
[Result "1-0"]
[Termination "normal"]
[Board "8.1"]
[WhiteElo "1923"]
[BlackElo "1745"]
[WhiteTeam "SC Höchstadt"]
[BlackTeam "Gütersloher SV"]
[WhiteFideId "12924881"]
[BlackFideId "12979317"]
[EventCountry "GER"]
[EventRounds "7"]
[EventType "team-swiss"]
[EventDate "2013.12.26"]

1. e4 e5 2. f4 Nc6 3. Nf3 exf4 4. d4 Nge7 5. Bxf4 d5 6. e5 Ng6 7. Be3 Be7 8. c3
O-O 9. Bd3 Bh4+ 10. g3 Be7 11. Qc2 Bh3 12. Nbd2 a6 13. O-O-O b5 14. Rdg1 b4 15.
g4 bxc3 16. Qxc3 Nb4 17. Bb1 Qd7 18. a3 Bxg4 19. axb4 Rfb8 20. Rg3 Rxb4 21.
Rhg1 Bxf3 22. Rxf3 Rab8 23. b3 a5 24. Bg5 Bf8 25. Rgf1 a4 26. Rxf7 Qb5 27. Bd3
Qb6 28. Qxc7 Qxd4 29. e6 Rxb3 30. Rxf8+ 1-0

[Event "DVM U16 2013"]
[Site "Lingen (Ems) GER"]
[Date "2013.12.28"]
[Round "4"]
[White "Wulfhorst, Noah"]
[Black "Koch, Christian"]
[Result "0-1"]
[Termination "normal"]
[Board "8.2"]
[WhiteElo "1654"]
[BlackElo "1834"]
[WhiteTeam "Gütersloher SV"]
[BlackTeam "SC Höchstadt"]
[WhiteFideId "12964956"]
[BlackFideId "1272124"]
[EventCountry "GER"]
[EventRounds "7"]
[EventType "team-swiss"]
[EventDate "2013.12.26"]

1. e4 d6 2. d4 Nf6 3. Nc3 g6 4. f3 Bg7 5. Be3 O-O 6. Qd2 Nc6 7. O-O-O e5 8. d5
Ne7 9. Nge2 Bd7 10. Bh6 b5 11. h4 a5 12. g4 b4 13. Nb1 Bxh6 14. Qxh6 Bxg4 15.
fxg4 Nxg4 16. Qg5 Nf2 17. Bh3 Nxd1 18. Kxd1 Kg7 19. Ng3 Ng8 20. Qg4 Nh6 21.
Nh5+ Kh8 22. Qg5 Ng8 23. Ng3 Qxg5 24. hxg5 Ne7 25. Nd2 a4 26. Ngf1 c6 27. Ne3
cxd5 28. Nxd5 Nxd5 29. exd5 Ra5 30. Bg2 Rc5 31. Rf1 Kg7 32. b3 axb3 33. axb3
Ra5 34. Ke2 f5 35. gxf6+ Rxf6 36. Rh1 Rf4 37. Be4 Ra7 38. Ke3 Raf7 39. Rh2 h6
40. Nf3 g5 41. Rg2 g4 42. Nh2 h5 43. Rg3 Kh6 44. Kd3 Kg5 45. Ke3 Rf2 46. Rg2
Rxg2 47. Bxg2 h4 48. Be4 h3 49. Ke2 Rf4 50. Ke3 g3 51. Nf3+ Kg4 52. Ne1 Rxe4+
0-1

[Event "DVM U16 2013"]
[Site "Lingen (Ems) GER"]
[Date "2013.12.28"]
[Round "4"]
[White "Mönius, Alexander"]
[Black "Pfaffenrot, Daniel"]
[Result "1/2-1/2"]
[Termination "normal"]
[Board "8.3"]
[WhiteElo "1727"]
[BlackElo "1563"]
[WhiteTeam "SC Höchstadt"]
[BlackTeam "Gütersloher SV"]
[WhiteFideId "12949795"]
[BlackFideId "12964972"]
[EventCountry "GER"]
[EventRounds "7"]
[EventType "team-swiss"]
[EventDate "2013.12.26"]

1. d4 d5 2. c4 e6 3. Nc3 Nf6 4. cxd5 exd5 5. Bg5 Be7 6. e3 O-O 7. Qc2 h6 8. Bh4
Nc6 9. h3 Be6 10. Nf3 Qc8 11. a3 Bf5 12. Bd3 Bxd3 13. Qxd3 Rd8 14. Ne5 Qe6 15.
Nxc6 Qxc6 16. O-O Qe6 17. Nb5 Rdc8 18. Bg3 Qd7 19. Rfc1 c6 20. Nc3 Bd6 21. Bxd6
Qxd6 22. b4 b5 23. Qf5 Qe6 24. Qxe6 fxe6 25. Ne2 a5 26. Nf4 Kf7 27. Nd3 a4 28.
Ne5+ Ke7 29. Nxc6+ Kd6 30. Ne5 Ne4 31. Nf3 Rc4 1/2-1/2

[Event "DVM U16 2013"]
[Site "Lingen (Ems) GER"]
[Date "2013.12.28"]
[Round "4"]
[White "Haase, Kai"]
[Black "Mönius, Oliver"]
[Result "1/2-1/2"]
[Termination "normal"]
[Board "8.4"]
[WhiteElo "1570"]
[BlackElo "1400"]
[WhiteTeam "Gütersloher SV"]
[BlackTeam "SC Höchstadt"]
[WhiteFideId "12964999"]
[BlackFideId "12949906"]
[EventCountry "GER"]
[EventRounds "7"]
[EventType "team-swiss"]
[EventDate "2013.12.26"]

1. e4 d6 2. d4 Nf6 3. Nc3 g6 4. Nf3 Bg7 5. h3 O-O 6. Be3 Nbd7 7. Qd2 e5 8. dxe5
Nxe5 9. Nxe5 dxe5 10. O-O-O Qxd2+ 11. Rxd2 Be6 12. Be2 a6 13. g4 Rfd8 14. Rhd1
Rxd2 15. Rxd2 Ne8 16. f3 Nd6 17. Bd3 Rc8 18. h4 Nc4 19. Bxc4 Bxc4 20. Nd5 Bxd5
1/2-1/2

[Event "DVM U16 2013"]
[Site "Lingen (Ems) GER"]
[Date "2013.12.28"]
[Round "4"]
[White "Walter, Kevin"]
[Black "Herbrig, Alexander"]
[Result "1-0"]
[Termination "normal"]
[Board "9.1"]
[WhiteElo "1976"]
[BlackElo "1885"]
[WhiteTeam "SK Sontheim/Brenz"]
[BlackTeam "SC Einheit Bautzen"]
[WhiteFideId "12906654"]
[BlackFideId "12952044"]
[EventCountry "GER"]
[EventRounds "7"]
[EventType "team-swiss"]
[EventDate "2013.12.26"]

1. e4 c5 2. Nf3 e6 3. d4 cxd4 4. Nxd4 a6 5. f4 Qc7 6. Be2 Nc6 7. Be3 Nf6 8. Nc3
Bb4 9. Bf3 d6 10. O-O Bxc3 11. bxc3 Na5 12. Qe1 Nc4 13. Bf2 Bd7 14. Bg3 e5 15.
Nf5 O-O 16. Bh4 Bxf5 17. exf5 exf4 18. Be2 Nd5 19. f6 Rfe8 20. Qf2 Nce3 21. c4
Nxc4 22. Bd3 b5 23. Qf3 Qc5+ 24. Bf2 Nce3 25. fxg7 Qd4 26. Rfe1 Qxg7 27. Be4
Qe5 28. Bxd5 Qxd5 29. Rxe3 Qxf3 30. Rxe8+ Rxe8 31. gxf3 Rc8 32. a4 Rxc2 33.
axb5 axb5 34. Rb1 Kg7 35. Rxb5 f6 36. Rd5 Rc6 37. Rd4 Kg6 38. Rxf4 d5 39. Rd4
Rd6 40. Bg3 Rd7 41. Kf2 f5 42. Ke3 Kg5 43. Bf4+ Kf6 44. Ra4 Rb7 45. Kd4 Rb3 46.
Be5+ Kf7 47. f4 Rh3 48. Kxd5 Rxh2 49. Ra7+ Kg8 50. Ke6 Rh6+ 51. Bf6 1-0

[Event "DVM U16 2013"]
[Site "Lingen (Ems) GER"]
[Date "2013.12.28"]
[Round "4"]
[White "Herbrig, Marie-Helen"]
[Black "Romes, Max"]
[Result "0-1"]
[Termination "normal"]
[Board "9.2"]
[WhiteElo "1720"]
[BlackElo "1922"]
[WhiteTeam "SC Einheit Bautzen"]
[BlackTeam "SK Sontheim/Brenz"]
[WhiteFideId "12900427"]
[BlackFideId "12928968"]
[EventCountry "GER"]
[EventRounds "7"]
[EventType "team-swiss"]
[EventDate "2013.12.26"]

1. e4 c6 2. d4 d5 3. Nc3 dxe4 4. Nxe4 Nf6 5. Nxf6+ gxf6 6. Nf3 Bf5 7. Bf4 e6 8.
Bd3 Bg6 9. h4 Qd5 10. Qe2 Nd7 11. g4 O-O-O 12. a3 Nb6 13. Rh3 Bd6 14. Bd2 e5
15. Bxg6 hxg6 16. dxe5 Rhe8 17. Be3 Bxe5 18. Nxe5 Qxe5 19. c3 Nd5 20. Qc2 Qf4
21. Qe2 Qe5 22. Qc2 Nf4 23. Rf3 Qd5 24. Rxf4 Qh1+ 25. Ke2 Qxa1 26. Rxf6 Rd7 27.
h5 gxh5 28. gxh5 Qh1 29. h6 Qh5+ 30. Ke1 Rg8 31. Bd4 Re8+ 32. Be3 Qg5 33. Rf3
Qxh6 34. Kf1 Qh5 35. Ke2 Qg4 36. b3 Rd5 37. c4 Rde5 38. Qd3 f5 39. Qd1 f4 40.
Kf1 fxe3 41. fxe3 Rxe3 42. Kf2 Qxf3+ 43. Qxf3 Rxf3+ 44. Kxf3 Kc7 0-1

[Event "DVM U16 2013"]
[Site "Lingen (Ems) GER"]
[Date "2013.12.28"]
[Round "4"]
[White "Walter, Daniel"]
[Black "Izhboldin, Andrey"]
[Result "0-1"]
[Termination "normal"]
[Board "9.3"]
[WhiteElo "1271"]
[BlackElo "1533"]
[WhiteTeam "SK Sontheim/Brenz"]
[BlackTeam "SC Einheit Bautzen"]
[WhiteFideId "12983110"]
[BlackFideId "12983136"]
[EventCountry "GER"]
[EventRounds "7"]
[EventType "team-swiss"]
[EventDate "2013.12.26"]

1. e4 e6 2. d4 d5 3. e5 c5 4. c3 Bd7 5. Nf3 Qb6 6. Bd3 Bb5 7. Bxb5+ Qxb5 8. a4
Qa6 9. Na3 Nc6 10. Nb5 Rc8 11. O-O cxd4 12. cxd4 Qb6 13. Be3 a6 14. Nc3 Bb4 15.
Rc1 Nge7 16. Kh1 Ba5 17. Rb1 O-O 18. Nh4 Nf5 19. Nxf5 exf5 20. Nxd5 Qd8 21. Nc3
Bb6 22. Ne2 f4 23. Bxf4 Nxd4 24. Nxd4 Qxd4 25. Qxd4 Bxd4 26. Bg3 g5 27. f4 gxf4
28. Bxf4 Rfe8 29. Rfe1 Re6 30. Re2 Rce8 31. Rbe1 f6 32. g3 fxe5 33. Be3 Bb6 34.
Bf4 Ba5 35. b4 Bxb4 36. Rb1 exf4 37. Rxe6 Rxe6 38. Rxb4 fxg3 39. hxg3 b6 40.
Kg2 Kf7 41. Rh4 h6 42. Rb4 Ke7 43. Rh4 Rd6 44. Rb4 Kd7 45. Rc4 b5 46. axb5 axb5
47. Rb4 Kc6 48. Kh3 Kc5 49. Rb1 Rd4 50. g4 b4 51. Kh4 Rd3 52. Rh1 b3 53. Kh5
Rg3 54. Rh4 b2 55. Kxh6 b1=Q 56. Rh5+ Kd4 57. g5 Qb6+ 58. Kh7 Qc7+ 59. Kg6 Qf4
60. Kh6 Ke5 0-1